A sociological reader on complex organizations.

Salvato in:
Dettagli Bibliografici
Autore principale: Etzioni, Amitai (autor)
Natura: Libro
Lingua:inglese
Edizione:2a ed.
Soggetti:
Tags: Aggiungi Tag
Nessun Tag, puoi essere il primo ad aggiungerne!!

MARC

LEADER 00000cam^a2200000uu^4500
001 000477119
005 20250521000000.0
008 050901s1969^^^^^^^^^^^^rd^r^^000^0^eng^d
009 20260310124841.838
022 |a 03072353 
035 |a FCE 000020019 
035 |a FCE 027597 
037 |a Acervo ITESO - Biblioteca 
041 |a eng 
082 0 4 |a 306.073  |b ETZs 
100 |a Etzioni, Amitai  |e (autor) 
245 1 2 |a A sociological reader on complex organizations. 
250 |a 2a ed. 
264 |a New York :  |b Holt, Rinehart and Winston,  |c 1969. 
300 |a 576 p. 
336 |a texto  |b txt  |2 rdacontenido 
337 |a sin mediación  |b n  |2 rdamedio 
338 |a volumen  |b nc  |2 rdasoporte 
649 |a XX 
650 |a Estudios sociales 
650 |a Factor social 
650 |a Organizaciones 
650 |a Desarrollo sociológico 
650 |a Evaluación del docente 
650 |a Estados Unidos 
910 |a Fondo Centro de Estudios Educativos 
920 |a Impresos - Libros 
930 |a Fondos Especiales 
905 |a 133 
901 |a ALE027597  |b IT2  |c CEE  |u 20250521 
902 |a https://opac.biblio.iteso.mx/vufind/Record/000477119